| 000 | 01411cam a22004094a 4500 | ||
|---|---|---|---|
| 001 | 7252 | ||
| 003 | FISKH | ||
| 005 | 20250704111005.0 | ||
| 008 | 011217s2002 nyua b 001 0beng | ||
| 010 | _a 2001008317 | ||
| 020 |
_a0516225154 _qlib. bdg. |
||
| 020 |
_a0516273426 _qpbk. |
||
| 020 |
_a9780516225159 _q(lib. bdg.) |
||
| 020 |
_a9780516273426 _q(pbk.) |
||
| 040 |
_aDLC _cDLC _dDLC _beng |
||
| 050 | _aQH31.M9 M255 | ||
| 082 | _a333.7 | ||
| 100 | 1 | _aMara, Wil. | |
| 245 | 1 | 0 |
_aJohn Muir / _cby Wil Mara. |
| 260 |
_aNew York : _bChildren's Press, _c2002. |
||
| 300 |
_a31 pages : _bcolor illustrations ; _c19 cm |
||
| 490 | 1 | _aRookie biographies | |
| 505 | _aM | ||
| 520 | _aIntroduces the life of John Muir, the naturalist who formed the Sierra Club to help preserve the Sierra Mountains. | ||
| 521 | 8 |
_a530
_bLexile |
|
| 521 | 8 |
_aM
_bRaz-Plus |
|
| 650 | 0 |
_aNaturalists _zUnited States _vBiography _vJuvenile literature. |
|
| 650 | 0 |
_aConservationists _zUnited States _vBiography _vJuvenile literature. |
|
| 650 | 1 | _aNaturalists. | |
| 650 | 1 | _aConservationists. | |
| 655 | 7 |
_aLiterature. _2lcgft _0https://id.loc.gov/authorities/genreForms/gf2014026415 |
|
| 655 | 7 |
_aBiographies. _2lcgft _0https://id.loc.gov/authorities/genreForms/gf2014026049 |
|
| 830 | 0 | _aRookie biography. | |
| 906 |
_a7 _bcbc _corignew _d1 _eecip _f20 _gy-gencatlg |
||
| 942 |
_2ddc _cBK _n0 |
||
| 999 |
_c7252 _d7252 |
||